Are you independent? (Record no. 71820)

MARC details
000 -LEADER
fixed length control field 00810cam a2200205 4500
001 - CONTROL NUMBER
control field ABS66291
008 - FIXED-LENGTH DATA ELEMENTS--GENERAL INFORMATION
fixed length control field 021219n2002 000 0 eng u
035 ## - SYSTEM CONTROL NUMBER
System control number (Sirsi) u120842
100 ## - MAIN ENTRY--PERSONAL NAME
Personal name Hamson, L
245 ## - TITLE STATEMENT
Title Are you independent?
260 ## - PUBLICATION, DISTRIBUTION, ETC.
Date of publication, distribution, etc. 2002
490 ## - SERIES STATEMENT
Series statement Property Week
Volume/sequential designation 67(38) 4 October 2002, 33-36(4)
520 ## - SUMMARY, ETC.
Summary, etc. Feature on corporate strategy on whether the market share of the corporate giants is under threat, as mid-sized operators are fighting the domination of global firms with advertising campaigns which emphasise the personal service they offer, and their independence from their transatlantic bosses.
590 ## - LOCAL NOTE (RLIN)
Local note ABS
650 ## - SUBJECT ADDED ENTRY--TOPICAL TERM
Topical term or geographic name entry element CORPORATE STRATEGY
650 ## - SUBJECT ADDED ENTRY--TOPICAL TERM
Topical term or geographic name entry element MARKET SHARE
650 ## - SUBJECT ADDED ENTRY--TOPICAL TERM
Topical term or geographic name entry element ADVERTISING
690 ## - LOCAL SUBJECT ADDED ENTRY--TOPICAL TERM (OCLC, RLIN)
Topical term or geographic name as entry element PROPERTY MANAGEMENT-CORPORATE REAL ESTATE
942 ## - ADDED ENTRY ELEMENTS (KOHA)
Suppress in OPAC 0
Holdings
Withdrawn status Lost status Source of classification or shelving scheme Damaged status Not for loan Home library Current library Shelving location Date acquired Total Checkouts Full call number Barcode Date last seen Copy number Price effective from Koha item type
    Dewey Decimal Classification     London London Journal article 19/12/2002   ABS66291 120842-1001 06/08/2019 1 06/08/2019 Journal article